[Event "Stay Safe Play From Home 149"]
[Site "T#646041Emanuel Laske"]
[Date "2020.05.14"]
[Round "6"]
[White "Tumnik_ad"]
[Black "Ionutn28"]
[Result "0-1"]
[WhiteElo "1956"]
[BlackElo "1871"]
[Annotator "TA"]
[PlyCount "60"]
[EventDate "2020.05.14"]
[EventType "swiss (blitz)"]

{[%evp 9,60,-60,-56,-77,-63,-84,-57,-80,-65,-123,-105,-116,-117,-148,-90,-108,-116,-186,141,110,119,133,331,272,256,70,294,-123,390,92,327,323,409,377,443,430,449,342,408,387,372,365,373,316,367,354,397,395,525,513,479,353,525]} 1. c3 c5 2. d3 d5 3. Nd2 Nf6 4. h3 {[#]} e6 $146 ({Predecessor:} 4... Nc6 5. g4 h6 6. Bg2 e5 7. Qc2 d4 8. c4 Qc7 9. a3 Be6 10. Ne4 Nxe4 11. Bxe4 {0-1 (39) Vasiukova,R (1574)-Braun,E (1880) Moscow 2009}) 5. g4 Bd6 6. Bg2 {A00: Irregular Openings.} Nc6 7. Nf1 Bd7 8. Nf3 {Black is slightly better.} a6 9. g5 (9. N1d2 $15) 9... Nh5 $17 10. h4 O-O 11. e4 dxe4 (11... f6 $142 12. Qb3 b6) 12. dxe4 Qc7 13. e5 (13. Qc2 $17 {was necessary.}) 13... Nxe5 $2 (13... Bxe5 $19 14. Nxe5 Nxe5) 14. Nxe5 $16 {[%mdl 64] [#] Discovered Attack} Bxe5 15. Qxh5 g6 $2 (15... Bxc3+ $16 16. Nd2 (16. bxc3 Qe5+ 17. Qe2 Qxc3+ {[%mdl 64] Double Attack} 18. Qd2 Qxa1 $17) 16... Qe5+ 17. Qe2 Bxb2 18. Qxe5 Bxe5) 16. Qe2 Bb5 17. Qg4 $2 ({White should try} 17. c4 $18 Bc6 18. Bxc6 Qxc6 19. Qxe5 Qxh1 20. b3 (20. Qxc5 Rac8 $11)) 17... Rad8 $2 (17... Bxc3+ $1 $14 18. bxc3 Qe5+ 19. Kd2 Qd6+ 20. Ke1 Qe5+ 21. Kd2 Qd6+ 22. Kc2 Bd3+ 23. Kb2 Qb6+ 24. Ka3 Qa5+ {[%mdl 64] Double Attack} 25. Qa4 Qxc3+ {[%mdl 64] Double Attack} 26. Qb3 Qxa1) 18. h5 $2 {[#]} (18. Ng3 $18) 18... Qd6 $2 {[%mdl 8192]} (18... Bxc3+ $1 $17 {[%mdl 512] and life is bright.} 19. bxc3 Qe5+ {[%mdl 64] Double Attack} 20. Be3 Qxc3+ 21. Nd2 Qxa1+ {[%mdl 64] Double Attack} 22. Qd1 Qxa2 23. Bxb7 Rd7) 19. hxg6 $2 (19. Nd2 $18 {and White stays clearly on top.}) 19... fxg6 $2 (19... Bxc3+ $16 {was worth a try.} 20. bxc3 Qe5+ 21. Be3 Qxc3+ 22. Nd2 Qxa1+ {[%mdl 64] Double Attack} 23. Qd1 Qc3 24. gxh7+ Kh8) 20. Be3 $18 Rf7 21. Rd1 Qe7 22. Rxd8+ Qxd8 23. Qd1 Qe7 24. Qd2 a5 25. a3 Rf8 26. Qc2 Rd8 27. f4 Bd3 28. Qf2 Bc7 29. Bxc5 Qf7 30. Bd4 Bf5 {[%mdl 32768] Accuracy: White = 39%, Black = 24%. . Loss on time!?} (30... Qxf4 $142 31. Nd2 Be5 32. Qxf4 Bxf4) 0-1

[Event "Stay Safe Play From Home 149"]
[Site "T#646041Emanuel Laske"]
[Date "2020.05.14"]
[Round "6"]
[White "Lazieri3"]
[Black "Don59as"]
[Result "0-1"]
[WhiteElo "1952"]
[BlackElo "1969"]
[Annotator "RC"]
[PlyCount "82"]
[EventDate "2020.05.14"]
[EventType "swiss (blitz)"]

1. e4 {[%emt 0:00:00]} e5 {[%emt 0:00:01]} 2. Nc3 {[%emt 0:00:00]} Nc6 {[%emt 0:00:01]} 3. Nf3 {[%emt 0:00:00]} d6 {[%emt 0:00:00]} 4. d4 {[%emt 0:00:01]} exd4 {[%emt 0:00:01]} 5. Nxd4 {[%emt 0:00:00]} Nf6 {[%emt 0:00:01]} 6. Nxc6 {[%emt 0:00:04]} bxc6 {[%emt 0:00:00]} 7. Bd3 {[%emt 0:00:00]} Be7 {[%emt 0:00:00]} 8. O-O {[%emt 0:00:01]} O-O {[%emt 0:00:00]} 9. Bg5 {[%emt 0:00:01]} d5 {[%emt 0:00:01]} 10. exd5 {[%emt 0:00:01]} cxd5 {[%emt 0:00:01]} 11. Re1 {[%emt 0:00:01]} c6 {[%emt 0:00:01]} 12. a3 {[%emt 0:00:03]} h6 {[%emt 0:00:01]} 13. Bh4 {[%emt 0:00:01]} Be6 {[%emt 0:00:01]} 14. h3 {[%emt 0:00:02]} Re8 {[%emt 0:00:01]} 15. Ne2 {[%emt 0:00:01]} Nd7 {[%emt 0:00:01]} 16. Bxe7 {[%emt 0:00:01]} Qxe7 {[%emt 0:00:00]} 17. Nd4 {[%emt 0:00:01]} Qd6 {[%emt 0:00:02]} 18. Qh5 {[%emt 0:00:04]} Nf6 {[%emt 0:00:02]} 19. Qh4 {[%emt 0:00:03]} c5 {[%emt 0:00:01]} 20. Nxe6 {[%emt 0:00:02]} Rxe6 {[%emt 0:00:02]} 21. c3 {[%emt 0:00:02]} Rae8 {[%emt 0:00:03]} 22. f3 {[%emt 0:00:01]} Rxe1+ {[%emt 0:00:02]} 23. Rxe1 {[%emt 0:00:00]} Rxe1+ {[%emt 0:00:02]} 24. Qxe1 {[%emt 0:00:00]} d4 {[%emt 0:00:01]} 25. cxd4 {[%emt 0:00:04]} Qxd4+ {[%emt 0:00:02]} 26. Kh1 {[%emt 0:00:04]} Qxd3 {[%emt 0:00:01]} 27. Qa5 {[%emt 0:00:01]} Qd4 {[%emt 0:00:05]} 28. Qxa7 {[%emt 0:00:03]} Nd5 {[%emt 0:00:02]} 29. a4 {[%emt 0:00:03]} Ne3 {[%emt 0:00:01]} 30. Qa8+ {[%emt 0:00:08]} Kh7 {[%emt 0:00:02]} 31. Qe4+ {[%emt 0:00:00]} Qxe4 {[%emt 0:00:01]} 32. fxe4 {[%emt 0:00:00]} Nc4 {[%emt 0:00:00]} 33. b3 {[%emt 0:00:01]} Na5 {[%emt 0:00:01]} 34. Kg1 {[%emt 0:00:01]} Nxb3 {[%emt 0:00:01]} 35. Kf2 {[%emt 0:00:00]} Na5 {[%emt 0:00:01]} 36. Ke3 {[%emt 0:00:02]} Kg6 {[%emt 0:00:00]} 37. e5 {[%emt 0:00:01]} Kf5 {[%emt 0:00:01]} 38. g4+ {[%emt 0:00:00]} Kxe5 {[%emt 0:00:01]} 39. Kd3 {[%emt 0:00:00]} Kd5 {[%emt 0:00:01]} 40. Kc3 {[%emt 0:00:01]} c4 {[%emt 0:00:00]} 41. Kb4 {[%emt 0:00:01]} Nc6+ {[%emt 0:00:01] Time (Lag: Av=0.59s, max=1.1s)} 0-1

[Event "Stay Safe Play From Home 149"]
[Site "T#646041Emanuel Laske"]
[Date "2020.05.14"]
[Round "6"]
[White "SecantFX"]
[Black "Tobo Rubirosa"]
[Result "1-0"]
[WhiteElo "1870"]
[BlackElo "1507"]
[Annotator "NA RC"]
[PlyCount "71"]
[EventDate "2020.05.14"]
[EventType "swiss (blitz)"]

1. g3 {[%emt 0:00:01]} g6 {[%emt 0:00:03]} 2. Bg2 {[%emt 0:00:00]} Bg7 {[%emt 0:00:01]} 3. f4 {[%emt 0:00:00]} Nf6 {[%emt 0:00:01]} 4. c3 {[%emt 0:00:00]} O-O {[%emt 0:00:01]} 5. Nf3 {[%emt 0:00:00]} d5 {[%emt 0:00:01]} 6. d4 {[%emt 0:00:00]} c5 {[%emt 0:00:01]} 7. Nbd2 {[%emt 0:00:00]} Nc6 {[%emt 0:00:02]} 8. e3 {[%emt 0:00:01]} b6 {[%emt 0:00:05]} 9. O-O {[%emt 0:00:01]} Ba6 {[%emt 0:00:01]} 10. Re1 {[%emt 0:00:01]} Qc7 {[%emt 0:00:01]} 11. Ne5 {[%emt 0:00:01]} Nxe5 {[%emt 0:00:02]} 12. fxe5 {[%emt 0:00:00]} Ne4 {[%emt 0:00:01]} 13. Nxe4 {[%emt 0:00:01]} dxe4 {[%emt 0:00:01]} 14. Bxe4 {[%emt 0:00:00]} Bb7 {[%emt 0:00:01]} 15. Qf3 {[%emt 0:00:01]} Bxe4 {[%emt 0:00:03]} 16. Qxe4 {[%emt 0:00:01]} Rae8 {[%emt 0:00:01]} 17. Qg2 {[%emt 0:00:02]} f6 {[%emt 0:00:01]} 18. exf6 {[%emt 0:00:01]} exf6 {[%emt 0:00:01]} 19. Bd2 {[%emt 0:00:01]} f5 {[%emt 0:00:01]} 20. a3 {[%emt 0:00:03]} Re4 {[%emt 0:00:02]} 21. Rf1 {[%emt 0:00:01]} Rfe8 {[%emt 0:00:02]} 22. Rf4 {[%emt 0:00:01]} Bh6 {[%emt 0:00:02]} 23. Rxe4 {[%emt 0:00:01]} Rxe4 {[%emt 0:00:01]} 24. Rf1 {[%emt 0:00:01]} Bxe3+ {[%emt 0:00:02]} 25. Bxe3 {[%emt 0:00:01]} Rxe3 {[%emt 0:00:01]} 26. Qd5+ {[%emt 0:00:01]} Qf7 {[%emt 0:00:03]} 27. Qd8+ {[%emt 0:00:04]} Re8 {[%emt 0:00:03]} 28. Qd6 {[%emt 0:00:01]} cxd4 {[%emt 0:00:01]} 29. Qxd4 {[%emt 0:00:00]} Qe6 {[%emt 0:00:04]} 30. Qf4 {[%emt 0:00:02]} Qe3+ {[%emt 0:00:01]} 31. Qf2 {[%emt 0:00:01]} Re7 {[%emt 0:00:01]} 32. Qxe3 {[%emt 0:00:01]} Rxe3 {[%emt 0:00:01]} 33. Rf2 {[%emt 0:00:00]} Rd3 {[%emt 0:00:01]} 34. Kg2 {[%emt 0:00:00]} Rd1 {[%emt 0:00:01]} 35. h4 {[%emt 0:00:00]} Kg7 {[%emt 0:00:02]} 36. Kf3 {[%emt 0:00:00] Tiempo (Lag: Av=1.07s, max=2.9s) '} 1-0

[Event "Stay Safe Play From Home 149"]
[Site "T#646041Emanuel Laske"]
[Date "2020.05.14"]
[Round "6"]
[White "Emresenar"]
[Black "Nagaram"]
[Result "1/2-1/2"]
[WhiteElo "1822"]
[BlackElo "1705"]
[Annotator "NA RC"]
[PlyCount "116"]
[EventDate "2020.05.14"]
[EventType "swiss (blitz)"]

1. e4 {[%emt 0:00:02]} e6 {[%emt 0:00:01]} 2. Nf3 {[%emt 0:00:01]} d5 {[%emt 0:00:01]} 3. exd5 {[%emt 0:00:00]} exd5 {[%emt 0:00:00]} 4. d4 {[%emt 0:00:00]} c5 {[%emt 0:00:01]} 5. dxc5 {[%emt 0:00:02]} Bxc5 {[%emt 0:00:00]} 6. Nc3 {[%emt 0:00:01]} Nf6 {[%emt 0:00:01]} 7. Bg5 {[%emt 0:00:02]} O-O {[%emt 0:00:01]} 8. Bxf6 {[%emt 0:00:01]} Qxf6 {[%emt 0:00:02]} 9. Nxd5 {[%emt 0:00:04]} Qe6+ {[%emt 0:00:03]} 10. Be2 {[%emt 0:00:04]} Re8 {[%emt 0:00:01]} 11. Nf4 {[%emt 0:00:04]} Qe5 {[%emt 0:00:02]} 12. Nd3 {[%emt 0:00:02]} Qe6 {[%emt 0:00:03]} 13. Nxc5 {[%emt 0:00:01]} Qc6 {[%emt 0:00:01]} 14. Nd3 {[%emt 0:00:04]} Qe6 {[%emt 0:00:01] Nagaram offers a draw} 15. Nf4 {[%emt 0:00:03]} Qe5 {[%emt 0:00:02]} 16. Qd2 {[%emt 0:00:03]} Nc6 {[%emt 0:00:01]} 17. O-O-O {[%emt 0:00:04]} Bg4 {[%emt 0:00:01]} 18. Rhe1 {[%emt 0:00:02]} Rad8 {[%emt 0:00:01]} 19. Qe3 {[%emt 0:00:03]} Qf6 {[%emt 0:00:03]} 20. Qb3 {[%emt 0:00:05]} Na5 {[%emt 0:00:04]} 21. Qa4 {[%emt 0:00:03]} Qb6 {[%emt 0:00:01]} 22. Nd3 {[%emt 0:00:03]} Bxf3 {[%emt 0:00:06]} 23. Bxf3 {[%emt 0:00:00]} Rxe1 {[%emt 0:00:01]} 24. Rxe1 {[%emt 0:00:00]} h6 {[%emt 0:00:00]} 25. Re8+ {[%emt 0:00:01]} Rxe8 {[%emt 0:00:01]} 26. Qxe8+ {[%emt 0:00:00]} Kh7 {[%emt 0:00:00]} 27. Be4+ {[%emt 0:00:00]} Qg6 {[%emt 0:00:02]} 28. Qd8 {[%emt 0:00:01]} Qxe4 {[%emt 0:00:01]} 29. Qd7 {[%emt 0:00:02]} Kg6 {[%emt 0:00:02]} 30. b3 {[%emt 0:00:00]} Qe6 {[%emt 0:00:01]} 31. Qxe6+ {[%emt 0:00:01]} fxe6 {[%emt 0:00:00]} 32. Nf4+ {[%emt 0:00:00]} Kf5 {[%emt 0:00:01]} 33. Nd3 {[%emt 0:00:00]} e5 {[%emt 0:00:01]} 34. Kb2 {[%emt 0:00:00]} e4 {[%emt 0:00:01]} 35. Nb4 {[%emt 0:00:00]} Nc6 {[%emt 0:00:01]} 36. Nd5 {[%emt 0:00:01]} Ke6 {[%emt 0:00:01]} 37. Nc3 {[%emt 0:00:00]} Nb4 {[%emt 0:00:01]} 38. Nxe4 {[%emt 0:00:00]} Nc6 {[%emt 0:00:01]} 39. Nc3 {[%emt 0:00:00]} Nb4 {[%emt 0:00:01]} 40. a4 {[%emt 0:00:00]} Na2 {[%emt 0:00:00]} 41. Ne2 {[%emt 0:00:00]} b5 {[%emt 0:00:00]} 42. Kxa2 {[%emt 0:00:01]} a6 {[%emt 0:00:00]} 43. Ka3 {[%emt 0:00:00]} bxa4 {[%emt 0:00:01]} 44. b4 {[%emt 0:00:00]} a5 {[%emt 0:00:00]} 45. Kxa4 {[%emt 0:00:00]} Kd5 {[%emt 0:00:00]} 46. Kxa5 {[%emt 0:00:00]} Kc6 {[%emt 0:00:00]} 47. c3 {[%emt 0:00:00]} Kb7 {[%emt 0:00:00]} 48. Nf4 {[%emt 0:00:00]} g5 {[%emt 0:00:00]} 49. Nh5 {[%emt 0:00:00]} g4 {[%emt 0:00:01]} 50. Ng7 {[%emt 0:00:00]} Kb8 {[%emt 0:00:00]} 51. g3 {[%emt 0:00:00]} Kb7 {[%emt 0:00:00]} 52. h3 {[%emt 0:00:00]} Ka7 {[%emt 0:00:00]} 53. Nf5 {[%emt 0:00:00]} Kb7 {[%emt 0:00:00]} 54. Nxh6 {[%emt 0:00:00]} Kb8 {[%emt 0:00:00]} 55. hxg4 {[%emt 0:00:00]} Kb7 {[%emt 0:00:01]} 56. f3 {[%emt 0:00:00]} Kc7 {[%emt 0:00:00]} 57. f4 {[%emt 0:00:00]} Kd7 {[%emt 0:00:00]} 58. g5 {[%emt 0:00:00]} Ke7 {[%emt 0:00:00] Zaman (Lag: Av=0.84s, max=1.2s)} 1/2-1/2

[Event "Stay Safe Play From Home 149"]
[Site "T#646041Emanuel Laske"]
[Date "2020.05.14"]
[Round "6"]
[White "Lucknow"]
[Black "Little champs"]
[Result "0-1"]
[WhiteElo "1786"]
[BlackElo "2102"]
[Annotator "TA"]
[PlyCount "34"]
[EventDate "2020.05.14"]
[EventType "swiss (blitz)"]

{[%evp 8,8,7]} 1. d4 b6 2. c4 Bb7 3. Nf3 Nf6 4. Nc3 e6 {[#] An uneventful encounter.} {Predecessor:} 5. Bg5 $146 h6 6. Bh4 {E13: Queen's Indian/Nimzo-Indian hybrid: 4 Nc3 Bb7 5 Bg5 h6 6 Bh4 Bb4.} Bb4 7. e3 g5 8. Bg3 Ne4 9. Qc2 h5 10. Be5 f6 11. d5 fxe5 12. Qxe4 Qf6 13. h4 g4 14. Qxe5 Bxc3+ 15. bxc3 Qxe5 16. Nxe5 exd5 17. cxd5 Bxd5 {0-1 (42) Duda,J (2730)-Nakamura,H (2745) chess.com INT 2019} 0-1

[Event "Stay Safe Play From Home 149"]
[Site "T#646041Emanuel Laske"]
[Date "2020.05.14"]
[Round "6"]
[White "Gibiz144"]
[Black "Gmbasti"]
[Result "1-0"]
[WhiteElo "1588"]
[BlackElo "1578"]
[Annotator "NA RC"]
[PlyCount "51"]
[EventDate "2020.05.14"]
[EventType "swiss (blitz)"]

1. d4 {[%emt 0:00:01]} c5 {[%emt 0:00:02]} 2. dxc5 {[%emt 0:00:01]} e6 {[%emt 0:00:00]} 3. Nf3 {[%emt 0:00:02]} Bxc5 {[%emt 0:00:00]} 4. Bg5 {[%emt 0:00:01]} Ne7 {[%emt 0:00:01]} 5. Bxe7 {[%emt 0:00:01]} Qxe7 {[%emt 0:00:01]} 6. e3 {[%emt 0:00:01]} d5 {[%emt 0:00:01]} 7. Bd3 {[%emt 0:00:01]} Nc6 {[%emt 0:00:01]} 8. c3 {[%emt 0:00:01]} Bd7 {[%emt 0:00:01]} 9. Qc2 {[%emt 0:00:01]} e5 {[%emt 0:00:01]} 10. e4 {[%emt 0:00:01]} dxe4 {[%emt 0:00:01]} 11. Bxe4 {[%emt 0:00:01]} O-O {[%emt 0:00:03]} 12. Bxh7+ {[%emt 0:00:02]} Kh8 {[%emt 0:00:02]} 13. Bf5 {[%emt 0:00:01]} Bxf5 {[%emt 0:00:01]} 14. Qxf5 {[%emt 0:00:01]} Rad8 {[%emt 0:00:03]} 15. O-O {[%emt 0:00:02]} g6 {[%emt 0:00:01]} 16. Qh3+ {[%emt 0:00:02]} Kg7 {[%emt 0:00:01]} 17. Nbd2 {[%emt 0:00:01]} Rh8 {[%emt 0:00:01]} 18. Qg3 {[%emt 0:00:02]} e4 {[%emt 0:00:03]} 19. Ng5 {[%emt 0:00:08]} Rxd2 {[%emt 0:00:04]} 20. Rfe1 {[%emt 0:00:07]} Rh5 {[%emt 0:00:08]} 21. Nxe4 {[%emt 0:00:02]} Qh4 {[%emt 0:00:04]} 22. Qxh4 {[%emt 0:00:02]} Rxh4 {[%emt 0:00:01]} 23. Nxd2 {[%emt 0:00:02]} Rf4 {[%emt 0:00:03]} 24. g3 {[%emt 0:00:01]} Rxf2 {[%emt 0:00:02]} 25. Ne4 {[%emt 0:00:03]} Rxb2+ {[%emt 0:00:05]} 26. Nxc5 {[%emt 0:00:01] Zeit} 1-0

[Event "Stay Safe Play From Home 149"]
[Site "T#646041Emanuel Laske"]
[Date "2020.05.14"]
[Round "6"]
[White "Germanicus G"]
[Black "Käptn"]
[Result "0-1"]
[WhiteElo "1264"]
[BlackElo "2058"]
[Annotator "TA"]
[PlyCount "62"]
[EventDate "2020.05.14"]
[EventType "swiss (blitz)"]

{[%evp 9,62,12,51,32,50,23,38,30,40,8,39,28,44,37,30,15,24,0,18,20,28,29,29,21,29,0,20,0,12,0,0,0,0,0,0,0,0,0,0,-7,0,-13,0,0,0,0,0,0,0,0,0,0,0,0,0]} 1. Nf3 d6 2. d4 g6 3. e3 Bg7 4. Be2 Nf6 5. O-O Bg4 6. c3 {A40: Unusual replies to 1 d4.} c6 7. Nbd2 {[#]} Nbd7 $146 ({Predecessor:} 7... O-O 8. Ne1 Bxe2 9. Qxe2 Nbd7 10. f4 Qc7 11. Nef3 Rfe8 12. Qf2 b6 13. b4 a5 {0-1 (48) Bester,K (706)-Goebel,M (1044) LSS email 2011}) 8. Qb3 {White is slightly better.} Qb6 9. a4 Bxf3 10. Bxf3 Qxb3 11. Nxb3 O-O 12. a5 {With the idea a6.} a6 13. c4 Rfe8 14. Bd2 e6 15. Bb4 d5 16. cxd5 exd5 17. Nc5 Rab8 {The position is equal.} 18. Nxd7 Nxd7 19. Bd6 Rbd8 20. b4 Nf6 21. Bc5 Bf8 22. Rab1 Bd6 23. Rfc1 h5 24. g3 Kg7 25. Kg2 Nh7 26. Be2 Ng5 27. Bd3 Ne6 28. h4 Bc7 29. Rc2 f5 30. Be2 Rd7 31. Bf3 Nd8 {[%mdl 32768] Accuracy: White = 88%, Black = 95%. . Loss on time!?} 0-1

[Event "Stay Safe Play From Home 149"]
[Site "T#646041Emanuel Laske"]
[Date "2020.05.14"]
[Round "7"]
[White "Popovic Milan"]
[Black "Shatarchin7"]
[Result "1-0"]
[WhiteElo "2651"]
[BlackElo "2305"]
[Annotator "TA"]
[PlyCount "101"]
[EventDate "2020.05.14"]
[EventType "swiss (blitz)"]

{[%evp 14,101,0,0,42,41,41,37,27,19,42,25,35,33,31,33,29,25,32,5,14,1,38,39,34,34,55,51,41,48,53,45,81,49,52,38,53,57,86,54,57,56,48,55,141,132,149,133,142,140,216,216,192,112,285,287,356,349,609,446,497,330,1378,689,6494,5306,29980,29981,29993,6311,1851,1223,1456,1314,924,0,595,0,905,433,593,-613,0,-598,0,-574,29988,29987,29989,29971]} 1. e4 c5 2. Nf3 d6 3. d4 cxd4 4. Nxd4 Nf6 5. Nc3 a6 6. Be2 e5 7. Nf3 Be7 8. Bg5 $1 {[%mdl 4] is currently scoring better than 8.0-0. Played by Ian Nepomniachtchi in November 2019.} h6 {B92: Sicilian Najdorf: 6 Be2.} 9. Bxf6 Bxf6 {[#]} 10. Nd5 $146 ({Predecessor:} 10. Bc4 O-O 11. Qd3 Be6 12. O-O-O Be7 13. Nd5 Bxd5 14. Bxd5 Qc7 15. h4 Nd7 16. g4 {0-1 (37) Nguyen,T (2161)-Vu,P Da Lat 2011}) 10... Be7 {White is slightly better.} 11. O-O Nd7 12. Bc4 Nf6 13. Re1 Be6 14. c3 O-O 15. Qd3 b5 16. Bb3 Rc8 17. Nd2 (17. Nxf6+ {with more complications.} Bxf6 18. Red1 Be7 19. Nd2 Qd7 20. Nf1) 17... Bxd5 18. Bxd5 Nxd5 19. Qxd5 Qc7 20. Nf1 Bg5 21. Rad1 Rcd8 22. Qd3 h5 23. Qf3 g6 24. Rd5 Qc6 25. Red1 a5 26. a3 {[%cal Ba2a3,Ba3b4,Bb4b5][%mdl 32]} b4 27. cxb4 axb4 28. axb4 Qb6 ({Black should play} 28... Rb8 $14) 29. b5 $16 Kg7 30. Qd3 Rd7 31. g3 ({Much weaker is} 31. Rxd6 $6 Rxd6 32. Qxd6 Qxb5 $11) 31... Rb8 (31... h4 $16 32. Nd2 (32. Rxd6 Rxd6 33. Qxd6 Qxb5 $14) 32... Bxd2) 32. h4 $18 Bh6 {[#]} 33. Kg2 (33. Ra1 $1 $18) 33... Ra8 $2 {[#]} (33... Qa5 $16 34. Nh2 Rdb7) 34. Rxe5 $1 {[%mdl 512]} dxe5 35. Qxd7 Ra5 $2 (35... Qc5 36. Qb7 Ra7) 36. Rd5 Ra2 37. Qc6 Qa7 $2 (37... Qxc6 38. bxc6 Rxb2) 38. b6 Qa6 {[#]} 39. Rd7 $1 {White wants to mate with Qd5!} Ra1 40. Nh2 Qe2 {[#]} 41. Rxf7+ (41. Qd5 $142 $1 Rg1+ 42. Kxg1 Kh8 43. Qxf7 Qe1+ 44. Nf1 Qxf2+ {[%mdl 64] Remove Defender} 45. Kxf2 Be3+ 46. Nxe3 g5 47. Qh7#) 41... Kxf7 42. Qd7+ Kf6 43. Qd6+ Kf7 44. Qd7+ Kf6 $1 45. Qd6+ (45. Qd8+ $142 Kg7 46. Qd7+ Kf8 47. Qd6+ Kf7 48. Qd5+ Ke7 49. Qxe5+ Kd7 50. Qd5+ Ke7 51. Qc5+ Kf6 52. Qc3+ Ke7 53. Qe5+ Kd7 54. Qc7+ Ke6 55. Qc6+ Ke7 56. b7) 45... Kf7 46. Qc7+ (46. Qd5+ $142 Ke7 47. Qxe5+ Kd7 48. Qc7+ Ke6 49. Qc6+ Ke7 50. Qc5+ Kf7 51. Qd5+ Ke7 52. Qe5+ Kd7 53. Qc7+ Ke6 54. Qc6+ Ke7 55. Qc5+ Kf6 56. Qc6+ Ke7) 46... Kf6 47. Qc8 $4 {[%mdl 8192]} (47. Qd8+ $18 Kg7 48. Qd7+ Kf6) 47... Qe1 $2 (47... Qxe4+ $19 48. Kh3 Rg1 49. Qd8+ Kf7 50. Qd7+ Kg8 51. Qe6+ Kh7 52. Qf7+ Bg7) 48. Qc5 $2 {[%mdl 8192]} (48. b7 $11 {and White has nothing to worry.} Qh1+ 49. Kh3) 48... Qh1+ 49. Kh3 {White wants to play Qd6+.} Qg1 $4 {[%mdl 8192]} (49... Rg1 $19 50. Qd6+ Kg7 51. Qe7+ Kg8 52. Qe8+ Kh7 53. Qf7+ Bg7) 50. Qd6+ Kg7 51. Qe7+ {Accuracy: White = 56%, Black = 38%.} 1-0

[Event "Stay Safe Play From Home 149"]
[Site "T#646041Emanuel Laske"]
[Date "2020.05.14"]
[Round "7"]
[White "Mepe_Nika"]
[Black "Emresenar"]
[Result "1-0"]
[WhiteElo "2256"]
[BlackElo "1816"]
[Annotator "RC"]
[PlyCount "69"]
[EventDate "2020.05.14"]
[EventType "swiss (blitz)"]

1. e4 {[%emt 0:00:01]} b6 {[%emt 0:00:01]} 2. d4 {[%emt 0:00:01]} Bb7 {[%emt 0:00:00]} 3. Nc3 {[%emt 0:00:01]} e6 {[%emt 0:00:00]} 4. Bd3 {[%emt 0:00:02]} g6 {[%emt 0:00:00]} 5. h4 {[%emt 0:00:01]} Bg7 {[%emt 0:00:00]} 6. h5 {[%emt 0:00:01]} Ne7 {[%emt 0:00:01]} 7. Be3 {[%emt 0:00:03]} Nbc6 {[%emt 0:00:02]} 8. h6 {[%emt 0:00:01]} Bf8 {[%emt 0:00:02]} 9. Nf3 {[%emt 0:00:02]} d5 {[%emt 0:00:01]} 10. e5 {[%emt 0:00:02]} Qd7 {[%emt 0:00:01]} 11. Bg5 {[%emt 0:00:01]} Nf5 {[%emt 0:00:02]} 12. Bf6 {[%emt 0:00:02]} Rg8 {[%emt 0:00:01]} 13. Bxf5 {[%emt 0:00:01]} exf5 {[%emt 0:00:01]} 14. Ng5 {[%emt 0:00:01]} Be7 {[%emt 0:00:09]} 15. Nxh7 {[%emt 0:00:01]} O-O-O {[%emt 0:00:02]} 16. Bxe7 {[%emt 0:00:04]} Qxe7 {[%emt 0:00:01]} 17. Nf6 {[%emt 0:00:01]} Rh8 {[%emt 0:00:01]} 18. Qd2 {[%emt 0:00:01]} Rde8 {[%emt 0:00:07]} 19. O-O-O {[%emt 0:00:01]} Rd8 {[%emt 0:00:01]} 20. Ncxd5 {[%emt 0:00:01]} Qf8 {[%emt 0:00:06]} 21. h7 {[%emt 0:00:02]} Ne7 {[%emt 0:00:03]} 22. Nxe7+ {[%emt 0:00:02]} Qxe7 {[%emt 0:00:00]} 23. d5 {[%emt 0:00:01]} Qxe5 {[%emt 0:00:01]} 24. Qd4 {[%emt 0:00:02]} Qxd4 {[%emt 0:00:01]} 25. Rxd4 {[%emt 0:00:00]} c6 {[%emt 0:00:02]} 26. d6 {[%emt 0:00:02]} c5 {[%emt 0:00:01]} 27. d7+ {[%emt 0:00:00]} Kc7 {[%emt 0:00:01]} 28. Rdh4 {[%emt 0:00:02]} Bxg2 {[%emt 0:00:02]} 29. Re1 {[%emt 0:00:01]} Bc6 {[%emt 0:00:02]} 30. Re8 {[%emt 0:00:01]} Bxd7 {[%emt 0:00:00]} 31. Rxd8 {[%emt 0:00:01]} Kxd8 {[%emt 0:00:01]} 32. Nd5 {[%emt 0:00:01]} Bc6 {[%emt 0:00:01]} 33. Nf6 {[%emt 0:00:01]} Ke7 {[%emt 0:00:01]} 34. Ng8+ {[%emt 0:00:01]} Kf8 {[%emt 0:00:02]} 35. f4 {[%emt 0:00:00] Zaman (Lag: Av=0.63s, max=0.9s)} 1-0

[Event "Stay Safe Play From Home 149"]
[Site "T#646041Emanuel Laske"]
[Date "2020.05.14"]
[Round "7"]
[White "Weltszmerc"]
[Black "Lamborghini"]
[Result "0-1"]
[WhiteElo "2168"]
[BlackElo "2346"]
[Annotator "TA"]
[PlyCount "96"]
[EventDate "2020.05.14"]
[EventType "swiss (blitz)"]

{[%evp 16,96,66,0,18,18,65,0,47,38,55,50,54,-146,50,55,45,22,41,11,39,44,54,41,46,29,31,0,0,0,-5,-24,0,-56,22,0,24,33,25,39,39,39,44,0,51,43,43,0,43,0,0,0,0,0,0,0,0,0,0,0,47,-21,81,79,127,122,123,119,361,356,343,328,292,254,263,55,40,26,36,46,54,0,0]} 1. d4 Nf6 2. c4 g6 3. Nc3 Bg7 4. e4 O-O 5. f3 d6 6. Nge2 a6 7. Be3 Nbd7 8. Qd2 c5 {8...b5 is more advanced technology.} 9. d5 (9. dxc5 $14 Nxc5 10. Nd4) 9... Rb8 {E81: King's Indian: Sämisch: 6th move deviations (including 6 Be3 c6).} 10. a4 Re8 11. Nc1 (11. Ng3 $14) 11... Nf8 12. Be2 e6 13. O-O exd5 14. exd5 $2 {[#]} (14. cxd5 $14 {was forced to keep a grip.} N6d7 15. Bg5) 14... Bd7 $2 (14... Rxe3 $1 $17 {[%mdl 512]} 15. Qxe3 Ng4) 15. Bg5 $14 Qc7 16. Re1 h5 17. Bh6 N6h7 18. Bxg7 Kxg7 19. Ne4 {Threatens to win with Qf4.} Bf5 20. Qc3+ Kg8 21. Bd3 (21. Ng3 {seems wilder.} Bd7 22. a5 h4 23. Ne4 Bf5 24. Nf2) 21... Bxe4 22. Rxe4 Rxe4 23. Bxe4 Qe7 24. Ne2 ({White should play} 24. Bc2 $11) 24... Qf6 (24... Nf6 $15) 25. a5 Qxc3 (25... Qg5 {feels hotter.} 26. Qc1 Qh4 27. Qe1 Qe7 28. Nc3 Re8) 26. Nxc3 Nf6 27. Bc2 N8d7 28. Kf2 Kf8 29. f4 Re8 (29... Ng4+ $11 30. Kg1 b6) 30. h3 $1 h4 31. Re1 Rb8 32. Na4 b5 33. axb6 $1 Nxb6 34. Nxb6 Rxb6 $11 {[%mdl 4096] Endgame KRB-KRN} 35. b3 a5 36. Ra1 Ra6 37. Kf3 Nd7 38. f5 (38. Kg4 $14) 38... Ne5+ (38... g5 $1 $11) 39. Kf4 $16 gxf5 40. Kxf5 ({Resist} 40. Bxf5 $6 f6 $14) 40... Ke7 41. Kg5 a4 $2 (41... Ra8 $16) 42. Rxa4 $18 ({Less strong is} 42. bxa4 Ra8 $16) 42... Rxa4 43. bxa4 Nxc4 44. Kxh4 {KB-KN} Ne3 {[#]} 45. Bd3 $2 (45. a5 $1 $18) 45... c4 $14 46. Be4 {aiming for a5.} f5 $1 {[%cal Rf5e4]} 47. Bb1 $1 {And now Kg5 would win.} Nxd5 48. a5 (48. Kg5 $1 $14) 48... Nb4 $1 {[%mdl 32768] Accuracy: White = 59%, Black = 61%. . Loss on time!?} 0-1